Философские и социальные аспекты качества: учебное пособие для вузов

Dades bibliogràfiques
Altres autors: Алешин Б. С. Борис Сергеевич, Александровская Л. Н. Лидия Николаевна, Круглов В. И. Виктор Иванович, Шолом А. М. Анатолий Михайлович
Sumari:Представлено современное понимание философской категории «качество», ориентированное на реализацию новых подходов к развитию личности и общества, производству продукции и оказанию услуг, управлению организациями. Рассмотрены мировоззренческие основы и базовые концепции учения о качестве: Всеобщего менеджмента качества, коренной перестройки организаций (реинжиниринга), повышения эффективности бизнеса, новой научно-технической революции, связанной с широким внедрением информационных технологий. Значительное внимание уделено социальным аспектам, определяющим условия освоения новой философии качества. Приведено большое число фактических примеров. Для студентов высших учебных заведений, обучающихся по направлению «Метрология, стандартизация и сертификация», специальностям «Менеджмент организации» и «Управление качеством». Может использоваться в учебном процессе вузов при подготовке кадров по широкому кругу инженерно-технических и экономических специальностей и направлений. Представляет интерес для руководителей и специалистов служб качества, конструкторских и проектных организаций.
Idioma:rus
Publicat: Москва, Логос, 2004
Col·lecció:Новая университетская библиотека
Matèries:
Format: MixedMaterials Llibre
KOHA link:https://koha.lib.tpu.ru/cgi-bin/koha/opac-detail.pl?biblionumber=107690

MARC

LEADER 00000nam0a2200000 4500
001 107690
005 20231101214741.0
010 |a 5940102530 
035 |a (RuTPU)RU\TPU\book\116255 
090 |a 107690 
100 |a 20061227d2004 m y0rusy50 ca 
101 0 |a rus 
102 |a RU 
105 |a a j 001zy 
200 1 |a Философские и социальные аспекты качества  |e учебное пособие для вузов  |f Б. С. Алешин [и др.] 
210 |a Москва  |c Логос  |d 2004 
215 |a 438 с.  |c ил. 
225 1 |a Новая университетская библиотека 
320 |a Библиогр.: с. 433-436. 
330 |a Представлено современное понимание философской категории «качество», ориентированное на реализацию новых подходов к развитию личности и общества, производству продукции и оказанию услуг, управлению организациями. Рассмотрены мировоззренческие основы и базовые концепции учения о качестве: Всеобщего менеджмента качества, коренной перестройки организаций (реинжиниринга), повышения эффективности бизнеса, новой научно-технической революции, связанной с широким внедрением информационных технологий. Значительное внимание уделено социальным аспектам, определяющим условия освоения новой философии качества. Приведено большое число фактических примеров. Для студентов высших учебных заведений, обучающихся по направлению «Метрология, стандартизация и сертификация», специальностям «Менеджмент организации» и «Управление качеством». Может использоваться в учебном процессе вузов при подготовке кадров по широкому кругу инженерно-технических и экономических специальностей и направлений. Представляет интерес для руководителей и специалистов служб качества, конструкторских и проектных организаций. 
606 |a Менеджмент систем качества  |2 stltpush  |3 (RuTPU)RU\TPU\subj\27902  |9 51563 
610 1 |a организация производства 
610 1 |a качество 
610 1 |a философия 
610 1 |a потребители 
610 1 |a удовлетворенность 
610 1 |a управление 
610 1 |a образование 
610 1 |a реинжиниринг 
610 1 |a экономика 
610 1 |a бизнес-процессы 
610 1 |a информационные технологии 
610 1 |a прогресс 
610 1 |a учебные пособия 
675 |a 658.562(075.8)  |v 3 
701 1 |a Алешин  |b Б. С.  |g Борис Сергеевич 
701 1 |a Александровская  |b Л. Н.  |g Лидия Николаевна 
701 1 |a Круглов  |b В. И.  |g Виктор Иванович 
701 1 |a Шолом  |b А. М.  |g Анатолий Михайлович 
801 1 |a RU  |b 63413507  |c 20061227  |g PSBO 
801 2 |a RU  |b 63413507  |c 20170907  |g PSBO 
942 |c BK 
959 |a 116/20061226  |d 1  |e 400,00  |f ЧЗКДП:1